|
|
|
|
| LEADER |
01629nam a2200373 i 4500 |
| 001 |
35123 |
| 003 |
BD-DhAAL |
| 005 |
20211118134558.0 |
| 008 |
190808t2015 nyuab b 001 0 eng d |
| 999 |
|
|
|c 40838
|d 40838
|
| 010 |
|
|
|a 2014017174
|
| 020 |
|
|
|a 9780415724951 (pbk. : alk. paper)
|
| 020 |
|
|
|a 9780415724920 (hardback : alk. paper)
|
| 020 |
|
|
|z 9781315856957 (ebook)
|
| 040 |
|
|
|a DLC
|b eng
|c DLC
|e rda
|d DLC
|d BD-DhAAL
|
| 042 |
|
|
|a pcc
|
| 050 |
0 |
0 |
|a TH880
|b .B68 2015
|
| 082 |
0 |
0 |
|a 720.47
|2 23
|
| 100 |
1 |
|
|a Bovill, Carl.
|9 33498
|
| 245 |
1 |
0 |
|a Sustainability in architecture and urban design /
|c Carl Bovill.
|
| 260 |
|
|
|a New York :
|b Routledge, Taylor & Francis Group,
|c c2015.
|
| 300 |
|
|
|a xix, 264 pages :
|b illustrations, map ;
|c 25 cm.
|
| 504 |
|
|
|a Includes bibliographical references and index.
|
| 526 |
|
|
|a ARC
|
| 541 |
|
|
|a Trim Education
|e 35123, 35124
|
| 650 |
|
0 |
|a Sustainable buildings.
|9 33499
|
| 650 |
|
0 |
|a Sustainable architecture.
|9 33500
|
| 650 |
|
0 |
|a Renewable energy sources.
|9 33501
|
| 650 |
|
0 |
|a City planning
|v Environmental aspects.
|9 33502
|
| 650 |
|
0 |
|a Architecture.
|9 42791
|
| 852 |
|
|
|a Ayesha Abed Library
|c General Stacks
|
| 942 |
|
|
|2 ddc
|c BK
|
| 952 |
|
|
|0 0
|1 0
|2 ddc
|4 0
|6 720_470000000000000_BOV
|7 0
|9 65980
|a BRACUL
|b BRACUL
|c GEN
|d 2019-07-28
|e Trim Education
|g 3460.00
|l 3
|m 14
|o 720.47 BOV
|p 3010035123
|r 2024-07-08
|s 2024-02-12
|t 1
|v 3460.00
|w 2019-07-28
|y BK
|
| 952 |
|
|
|0 0
|1 0
|2 ddc
|4 0
|6 720_470000000000000_BOV
|7 0
|9 65981
|a BRACUL
|b BRACUL
|c GEN
|d 2019-07-28
|e Trim Education
|g 3460.00
|l 1
|m 5
|o 720.47 BOV
|p 3010035124
|r 2024-03-14
|s 2024-02-15
|t 2
|v 3460.00
|w 2019-07-28
|y BK
|x Transferred from ARC to BRACUL on 28/12/2023
|